In The Land of Dragons / (Record no. 13727)
[ view plain ]
| 000 -LEADER | |
|---|---|
| fixed length control field | 00584nam a2200217 a 4500 |
| 001 - CONTROL NUMBER | |
| JCCL Control Number | 13727 |
| 003 - CONTROL NUMBER IDENTIFIER | |
| JCCL marc code | BD-JhCC |
| 005 - DATE AND TIME OF LATEST TRANSACTION | |
| control field | 20240319143332.0 |
| 008 - FIXED-LENGTH DATA ELEMENTS--GENERAL INFORMATION | |
| fixed length control field | 240319b2021 bg |||| ||a| 001 0 eng d |
| 020 ## - INTERNATIONAL STANDARD BOOK NUMBER | |
| International Standard Book Number | 9789845062879 |
| 035 ## - SYSTEM CONTROL NUMBER | |
| system control number | (BD-JhCC)13727 |
| 040 ## - CATALOGING SOURCE | |
| Original cataloging agency | BD-JhCC |
| Modifying agency | BD-JhCC |
| 041 ## - LANGUAGE CODE | |
| Language code of Book | english |
| 082 ## - DEWEY DECIMAL CLASSIFICATION NUMBER | |
| Classification number | 910.4 |
| Author mark and Year | QUA 2021 |
| 100 ## - MAIN ENTRY--PERSONAL NAME | |
| Personal name | Quadir,Ayesha Shireen |
| 245 ## - TITLE STATEMENT | |
| Title | In The Land of Dragons / |
| Statement of responsibility, etc | Ayesha Shireen Quadir. |
| 260 ## - PUBLICATION, DISTRIBUTION, ETC. (IMPRINT) | |
| Place of publication, distribution, etc | Dhaka: |
| Name of publisher, distributor, etc | The University Press Limited; |
| Date of publication, distribution, etc | 2021. |
| 300 ## - PHYSICAL DESCRIPTION | |
| Pagination | 36 p. : |
| Dimensions | 18 cm. |
| 650 ## - SUBJECT ADDED ENTRY--TOPICAL TERM | |
| Topical term or geographic name as entry element | Memories on Travel |
| 942 ## - ADDED ENTRY ELEMENTS (KOHA) | |
| Source of classification or shelving scheme | Dewey Decimal Classification |
| Koha item type | Books |
| Source of classification or shelving scheme | Damaged status | Not for loan | Home library | Current library | Shelving location | Date of accession | Cost, normal purchase price | Total Checkouts | Full call number | Barcode | Date last seen | Date checked out | Copy number | Method of acquisition | Koha item type | Currency | Checked out |
|---|---|---|---|---|---|---|---|---|---|---|---|---|---|---|---|---|---|
| Dewey Decimal Classification | JCC Rouf Library | JCC Rouf Library | General Stacks | 400.00 | 2 | 910.4 QUA 2021 | 18969 | 11/03/2024 | 08/29/2024 | C-1 | Purchase | Books | BDT | ||||
| Dewey Decimal Classification | JCC Rouf Library | JCC Rouf Library | General Stacks | 400.00 | 3 | 910.4 QUA 2021 | 18970 | 01/27/2026 | 01/27/2026 | C-2 | Purchase | Books | BDT | 03/04/2026 |